| 000 | 01491nam0a22003611 4500 | ||
|---|---|---|---|
| 001 | RU\NLR\INFOCOMM_253\5000012643 | ||
| 005 | 20250613092901.0 | ||
| 035 | _a(NLR Aleph) 009184822 | ||
| 090 |
_a8594150 _c8594150 |
||
| 100 | _a20100320d1982 |||y0rusy50 ca | ||
| 101 | 1 |
_ager _crus |
|
| 102 | _aRU | ||
| 105 | _ay ||||000|y | ||
| 200 | 1 |
_aSowjetische Mediziner über die Gefahren eines Nuklearkrieges _fJewgeni Tschasow, Leonid Iljin, Angelina Guskowa |
|
| 210 |
_aΜ. _cAPN-Verl. _d1982 |
||
| 215 |
_a151 с. _d19 см |
||
| 300 | _aВ вып. дан.: Опасность ядерной войны : Точка зрения сов. ученых-медиков / Е. И. Чазов, Л. А. Ильин, А. К. Гуськова | ||
| 320 | _aБиблиогр.: с. 145-148 | ||
| 606 |
_aБорьба за мир _yСССР _2nlr_sh1 |
||
| 606 |
_aРадиоактивное излучение _xВлияние на организм _2nlr_sh1 |
||
| 686 |
_aТ3(2)73-65 _2rubbk |
||
| 686 |
_aР368 _2rubbk |
||
| 700 | 1 |
_9z04790 _aČazov _bE. I. _f1929- _gEvgenij Ivanovič _4070 |
|
| 701 | 1 |
_9z05790 _aIl'in _bL. A. _f1928- _gLeonid Andreevič _4070 |
|
| 701 | 1 |
_9z06790 _aGus'kova _bA. K. _f1924- _gAngelina Konstantinovna _4070 |
|
| 790 | 1 |
_9z04700 _aTschasow _bJ. _gJewgeni _4070 |
|
| 790 | 1 |
_9z05701 _aIljin _bL. _gLeonid _4070 |
|
| 790 | 1 |
_9z06701 _aGuskowa _bA. _gAngelina _4070 |
|
| 801 | 1 |
_aRU _bNLR _c20100320 |
|
| 801 | 0 |
_aRU _bNLR _gPSBO |
|
| 852 |
_aNLR _jИр51 Д-3/283 |
||
| 942 | _cBOOK | ||
| 980 | _aNB | ||